Fr. Conceicao Rodrigues College of Engineering

Professional web 2.0 programming using HTML CSS javascript and Ajax (Record no. 31602)

MARC details
000 -LEADER
fixed length control field 00377nam a2200157Ia 4500
100 ## - MAIN ENTRY--PERSONAL NAME
Personal name Vlist/Eric Vander/ Ayers Danny
245 ## - TITLE STATEMENT
Title Professional web 2.0 programming using HTML CSS javascript and Ajax
260 ## - PUBLICATION, DISTRIBUTION, ETC.
Name of publisher, distributor, etc. Wiley India
Date of publication, distribution, etc. 2007
366 ## - TRADE AVAILABILITY INFORMATION
Publishers's discount category 25
300 ## - PHYSICAL DESCRIPTION
Extent 521
546 ## - LANGUAGE NOTE
Language note ENGLISH
-- PAMPHALETS
650 ## - SUBJECT ADDED ENTRY--TOPICAL TERM
Topical term or geographic name entry element WEB
654 ## - SUBJECT ADDED ENTRY--FACETED TOPICAL TERMS
Focus term web 2.0
942 ## - ADDED ENTRY ELEMENTS (KOHA)
Koha item type BOOK
Holdings
Withdrawn status Lost status Damaged status Not for loan Collection Home library Current library Date acquired Source of acquisition Cost, normal purchase price Inventory number Total Checkouts Full call number Barcode Date last seen Cost, replacement price Price effective from Koha item type
        CRC Fr. Agnel's C.Rodrigues College of Engineering Fr. Agnel's C.Rodrigues College of Engineering 17/03/2023 Allied Publishers 336.75 3509 dt 02/02/2011   21316 17/03/2023 449.00   BOOK